Normal view
MARC view
- Landscape painting
Entry Topical Term
001 - CONTROL NUMBER
- control field: 50249
003 - CONTROL NUMBER IDENTIFIER
- control field: NUST
005 - DATE AND TIME OF LATEST TRANSACTION
- control field: 20210314134550.0
008 - FIXED-LENGTH DATA ELEMENTS
- fixed length control field: 210314|| aca||aabn | a|a d
040 ## - CATALOGING SOURCE
- Original cataloging agency: NUST
- Transcribing agency: NUST
150 ## - HEADING--TOPICAL TERM
- Topical term or geographic name entry element: Landscape painting
670 ## - SOURCE DATA FOUND
- Source citation: Work cat.: (NUST): Rowbotham, Thomas Leeson, 50247, The art of sketching from nature., [1884]
